| 000 | 01054nam a2200241 a 4500 | ||
|---|---|---|---|
| 001 | BRCA_6836 | ||
| 005 | 20190320205619.0 | ||
| 008 | 081111s2011----mx-ab#####---#000-0#spa-# | ||
| 041 | _aspa | ||
| 044 | _amx | ||
| 050 | 4 |
_aGA871 _b.A58 2011 |
|
| 245 | 1 | 0 |
_aAntica cartografia d´Italia _ccolección cartográfica Gianni Brandozzi, Ascoli Piceno ; textos Gianni Vinciguerra ... [et al.] ; traducción Kabir Messineo, Alessia Di Giacomo, Mónica Vázquez. |
| 260 |
_aMéxico _bSecretaría de Hacienda y Crédito Público _c2011 |
||
| 300 |
_a112 p. _bil. (algunas a color), mapas _c17 cm. |
||
| 500 | _aCatálogo de la exposición en conmemoración del 150º anniversario Unitá d´Italia, 1861-2011, realizada en la Biblioteca Miguel Lerdo de Tejada (Ciudad de México) | ||
| 546 | _aTexto en: italiano y español | ||
| 650 | 1 | 4 |
_aCartografía _vExposiciones _zItalia _917047 |
| 700 | 1 |
_aBrandozzi, Gianni _917048 |
|
| 700 | 1 |
_aPiceno, Ascoli _917049 |
|
| 700 | 1 |
_aVinciguerra, Gianni _917050 |
|
| 700 | 1 |
_aMessineo, Kabir _etr. _917051 |
|
| 942 |
_2lcc _cB |
||
| 999 |
_c6519 _d6519 |
||